1516 1981 1748 1920 1702 1360 1371 1129 1017 1903 1183 1663 1530 1623 1854 1961 1460 1066 1491 1189 1719 1733 1333 1429 1868 1969 1475 1073 1956 1336 1994 1179 1237 1662 1231 1922 1401 1039 1516 1085 1802 1435 1686 1282 1204 1451 1915 1651 1876 1880 1163 1056 1454 1299 1565 1354 1438 1644 1297 1765 1543 1699 1846 1608 1662 1828 1288 1390 1980 1713 1073 1913 1856 1635 1481 1654 1616 1481 1703 1182 1577 1191 1894 1608 1271 1419 1387 1856 1887 1396 1891 1392 1403 1968 1963 1471 1160 1405 1243 BCNSPRNW ULIB Ver.6.0+V

เปลี่ยนเป็นภาษาไทย

Change to English
 แสดงรายละเอียดบรรณานุกรม
  กลับหน้าหลัก

Brief Record : Get Marc (ISO 2709) : E-mail record : QR code < ปิดหน้าต่าง
LEADER : 00000nam 2200000uu 4500
001    13399122153
003     ULIB
008    130107s2555||||th 000 0 tha d
020    9786161113513
050  4 ^aBJ1481^bร243บ 2554
100 0  ^aระพี สาคริก
245 10 ^aบันทึกการเรียนรู้ /^cระพี สาคริก
260    ^aกรุงเทพฯ :^bพิมพ์ดี,^c2554
300    ^a102, (2) หน้า :^bภาพประกอบ,^c23 ซม.
600 04 ^aระพี สาคริก,^d2465-
600 04 ^aระพี สาคริก^xผลงาน
650  4 ^aการดำเนินชีวิต
945    ^p0^l0^i033372
945    ^p0^l0^i033373
945    ^p0^l0^i033374
945    ^p0^l0^i033375
945    ^p0^l0^i033376
995    ^a เกษร
999    ^aใช้งานได้ทุกระบบ
รายการนี้ยังไม่มีแท็ก
คุณยังไม่ได้ล็อกอิน คุณสามารถมีกิจกรรมร่วมกับเว็บไซต์ได้ แต่ต้องล็อกอินก่อน ::
  ล็อกอิน

รายการสื่อสารสนเทศ

ลำดับที่ ประเภท เลขเรียก/บาร์โค้ด สถานที่ สถานะ
1. การศึกษาทั่วไป
หนังสือสำรอง
สถานะ=หนังสือสำรอง
BJ1481 ร243บ 2554 ฉ.1 
  Barcode: 033372
ห้องสมุดวิทยาเขตสวรรค์ประชารักษ์
►หนังสือทั่วไป
บนชั้น
2. การศึกษาทั่วไป
การศึกษาทั่วไป
BJ1481 ร243บ 2554 ฉ.2 
  Barcode: 033373
ห้องสมุดวิทยาเขตสวรรค์ประชารักษ์
►หนังสือทั่วไป
บนชั้น
3. การศึกษาทั่วไป
การศึกษาทั่วไป
BJ1481 ร243บ 2554 ฉ.3 
  Barcode: 033374
ห้องสมุดวิทยาเขตสวรรค์ประชารักษ์
►หนังสือทั่วไป
บนชั้น
4. การศึกษาทั่วไป
การศึกษาทั่วไป
BJ1481 ร243บ 2554 ฉ.4 
  Barcode: 033375
ห้องสมุดวิทยาเขตสวรรค์ประชารักษ์
►หนังสือทั่วไป
ถูกยืม กำหนดส่งวันที่ 8 พฤษภาคม 2568
  จอง
5. การศึกษาทั่วไป
การศึกษาทั่วไป
BJ1481 ร243บ 2554 ฉ.5 
  Barcode: 033376
ห้องสมุดวิทยาเขตสวรรค์ประชารักษ์
►หนังสือทั่วไป
บนชั้น

รายการใกล้เคียง
    ผู้แต่ง [ระพี สาคริก]

    หัวเรื่อง [การดำเนินชีวิต]

BibComment


ยังไม่เคยถูกคอมเมนท์

คอมเมนท์ทรัพยากรรายการนี้
  คอมเมนท์: บันทึกการเรียนรู..


 Copyright 2026. Bcnsprnw @Library